Species of deer living wild in the UK - Statistics

General Stats
  • This quiz has been taken 85 times
  • The average score is 4 of 6
Answer Stats
Species % Correct
Red
96%
Fallow
78%
Roe
73%
Reeves Muntjac
63%
Chinese Water Deer
49%
Sika
48%
No matching quizzes found
Score Distribution
Percent of People with Each Score
Percentile by Number Answered
Your Score History
You have not taken this quiz